Statistics for Countries Visited by South Park

Click here to take the quiz!

General Stats

  • This quiz has been taken 61 times
  • The average score is 9 of 34

Answer Stats

Episode of 1st AppearanceExplanationCountry% Correct
S1E1: Cartman Gets An **** ProbeThe setting of the show is in this country.United States of America
94%
S2E1: Terrance and Phillip in Not Without My AnusThe setting of this episode is in this country.Canada
85%
S1E8: Starvin' MarvinCartman accidentally gets sent to this country.Ethiopia
65%
S2E8: Summer SucksJimbo and Ned go to this country to buy fireworks for Fourth of July when they are banned in South Park.Mexico
48%
S2E5: Conjoined Fetus LadyThe boys of the South Park Elementary dodgeball team go to this country for an international dodgeball tournament.China
42%
S3E11: ChinpokomonAn employee at Luau's Toys travels to this country to talk to the heads of the "Chinpokomon" company.Japan
42%
S4E14: PipThe narrator of the story of this episode is in this country.United Kingdom
40%
S3E1: Rainforest ShmainforestThe boys are forced to join a choir and they head to this country to sing about the rainforest.Costa Rica
35%
S17E6: Ginger CowChristians, Jews, and Muslims all go to this country to sacrifice the ginger cow.Israel
33%
S12E11: Pandemic 2 - The StartlingKyle, Stan, Cartman, Kenny, and Craig are sent to this country by the United States government in exchange for the five being able to return home after being captured for creating a Peruvian pan flute band.Peru
33%
S5E9: Osama Bin Laden Has Farty PantsThe four main boys try to send a goat back to this country but accidentally also get sent there.Afghanistan
31%
S3E4: JakovasaursThe annoying remaining members of this species are sent away from South Park to this country.France
29%
S21E2: Put It DownThe leader of this country receives cupcakes from Tweek, who is scared that the aforementioned leader may harm him.North Korea
29%
S13E7: FatbeardCartman, Kevin, Clyde, Ike, and Butters go to this country because they want to become pirates.Somalia
27%
S13E6: Pinewood DerbyRandy talks to all the world leaders about the aliens that are coming, including the leader of this South American country.Brazil
25%
S4E9: Do The Handicapped Go To Hell?A nun calls people in this country to ask them a question.Vatican City
25%
S20E3: The DamnedThe funeral for four-time Olympic gold medallist Freja Ollegard was held in this country, which is her native land.Denmark
23%
S6E17: Red Sleigh DownCartman, worried he will not get presents for Christmas, attempts to bring Christmas to this country.Iraq
23%
S4E4: Quintuplets 2000The people in this country make a plan to get the Contorting Quintuplets back from South Park.Romania
23%
S9E13: Free WillzyxPeople from this country are talking about using funding from their space program to help the country when Kyle calls people in this country to ask for a flight to the moon.Russia
23%
S13E6: Pinewood DerbyRandy talks to all the world leaders about the aliens that are coming, including the leader of this Asian country.South Korea
19%
S11E9: More Cr*pRandy sends people in this country a photo of his large piece of feces, which he believes to be the largest, so they look to see its size.Switzerland
19%
S2E3: Ike's Wee WeeMr. Mackey goes on a honeymoon in this country.India
15%
S3E13: Starvin' Marvin In SpaceStarvin' Marvin's spaceship accidentally lands in this country.Australia
13%
S4E16: The Wacky M*****ation AdventureThe leader of this country reads a letter from Kyle and tears up over it.Cuba
13%
S13E7: FatbeardCartman, Kevin, Clyde, Ike, and Butters are on a bus that drives through this country in a montage on their way to becoming pirates.Egypt
13%
S13E6: Pinewood DerbyThe leaders of this country inform other world leaders that they are going to tell the police the truth about the space cash. So, everyone nukes this country.Finland
13%
S13E6: Pinewood DerbyRandy talks to all the world leaders about the aliens that are coming, including the leader of this European country.Italy
13%
S13E6: Pinewood DerbyRandy gets a call from some world leaders including the leader of this European country, and they demand a share of the space cash.Germany
12%
S13E6: Pinewood DerbyRandy talks to all the world leaders about the aliens that are coming, including the leader of this African country.Kenya
10%
S12E1: Tonsil TroublePeople in this country are informed by a blond-haired man that a cure for AIDS has been discovered.Nigeria
10%
S16E4: JewpacabraCartman asks the Sooper Foods company to help him and cons them into taking him to the Atlantis resort in this country so he can ride the waterslide through the shark tank.The Bahamas
10%
S16E13: A Scause For ApplauseFarmers from this country are seen banded together with their "Stanground" bracelets.Belarus
2%
S17E6: Ginger CowPeople working for a news network from this country notice something strange: a ginger cow.Iran
2%

Score Distribution

Percentile by Number Answered

Percent of People with Each Score

Your Score History

You have not taken this quiz